Statistics for FIFA 23 TOTW 15

Click here to take the quiz!

General Stats

  • This quiz has been taken 5 times
  • The average score is 10 of 23

Answer Stats

ratposclubplayer% Correct
TOTW Starter87RBParis Saint-GermainAchraf Hakimi
100%
TOTW Starter89GKNottingham ForestKeylor Navas
100%
TOTW Starter86CMWolverhampton WanderersRúben Neves
100%
TOTW Starter84CBEvertonJames Tarkowski
80%
TOTW Starter88LMBayern MunichKingsley Coman
80%
TOTW Starter88RWBarcelonaRaphinha
80%
TOTW Starter88STAS RomaTammy Abraham
80%
TOTW Starter86CMTottenham HotspurPierre-Emile Højbjerg
60%
TOTW Reserve84STEintracht FrankfurtRandal Kolo Muani
60%
TOTW Reserve84LBAS MonacoCaio Henrique
40%
TOTW Starter85RMBorussia DortmundJulian Brandt
40%
TOTW Reserve80CMDynamo DresdenAhmet Arslan
20%
TOTW Reserve81LMVfL BochumChristopher Antwi-Adjei
20%
TOTW Reserve84CAMDerby CountyDavid McGoldrick
20%
TOTW Reserve79CDMFC U Craiova 1948Dragoș Albu
20%
TOTW Starter85CBInter MilanFrancesco Acerbi
20%
TOTW Reserve83STRC StrasbourgHabib Diallo
20%
TOTW Reserve84GKRCD MallorcaPredrag Rajković
20%
TOTW Reserve79STBarracas CentralBruno Sepúlveda
0%
TOTW Starter85RWOGC NiceGaëtan Laborde
0%
TOTW Reserve84RMBenficaJoão Mário
0%
TOTW Reserve83LWElche CFPere Milla
0%
TOTW Reserve79CAMMelbourne CityRichard van der Venne
0%

Score Distribution

Percentile by Number Answered

Percent of People with Each Score

Your Score History

You have not taken this quiz